Straßen von Ober-Erlenbach - Statistiken

Allgemein
  • Dieses Quiz wurde 18 mal gespielt
  • Das Durchschnittsergebnis liegt bei 35 aus 69
Antwortstatistiken
Antwort % Korrekt
Ahlweg
100%
Am Nußgrund
75%
Beudeweg
75%
Eichenstraße
75%
Fliederweg
75%
Homburger Straße
75%
Schmaler Weg
75%
Seulberger Straße
75%
Taunusblick
75%
Akazienstraße
50%
Am Alten Rathaus
50%
Am Holderstauden
50%
Am Hühnerstein
50%
Am Rodheimer Weg
50%
Am Winterstein
50%
Auf dem Teich
50%
Auf der Nachtweide
50%
Bleichstraße
50%
Bornstraße
50%
Buchenweg
50%
Burgholzhäuser Straße
50%
Emmerichshohl
50%
Fasanenstraße
50%
Fuchshohl
50%
Haardtwaldstraße
50%
Haselnußweg
50%
Hasenpfad
50%
Hesselbergstraße
50%
Holzweg
50%
Im Vogelsang
50%
In den Auen
50%
In den Gärten
50%
Josef-Baumann-Straße
50%
Kappesgasse
50%
Kastanienstraße
50%
Kiefernweg
50%
Kleine Brückenstraße
50%
Lohweg
50%
Magnolienweg
50%
Martinskirchstraße
50%
Melibocusstraße
50%
Münzenberger Straße
50%
Neue Fahrt
50%
Nieder-Erlenbacher Weg
50%
Ober-Erlenbacher Straße
50%
Odenwaldstraße
50%
Oleanderweg
50%
Platanenring
50%
Rhönstraße
50%
Riedweg
50%
Ringstraße
50%
Sanddornweg
50%
Schlehenweg
50%
Spessartstraße
50%
Steinhohlstraße
50%
Steinkleeweg
50%
Steinmühlstraße
50%
Vilbeler Straße
50%
Vor dem Obertor
50%
Weingartenstraße
50%
Weißdornweg
50%
Wetterauer Straße
50%
Zum Lohwald
50%
Zum Wingert
50%
Am Hohen Feld
25%
Am Kirschgarten
25%
An der Riedhohl
25%
Georg-Viktor-Weber-Straße
0%
Im Wiesengrund
0%
Keine übereinstimmenden Quizze gefunden
Verteilung der Resultate
Anzahl Personen mit jedem Resultat
Perzentil nach korrekt beantworteten Fragen
Ihre Resultats-Entwicklung
Sie haben dieses Quiz noch nicht gespielt